000 00540 a2200121 4500
003 Nust
005 20170207154010.0
040 _cNust
245 _aWindows* Sockets 2 Application Programming Interface (E-Book)
_bAn Interface for Transparent Network Programming Under Microsoft WindowsTM
260 _cAugust 7, 1997
300 _aix,285P;
505 _a1. Introduction 2. Summary Of New Concepts, Additions And Changes For Winsock 2 3. Windows Sockets Programming Considerations 4. SOCKET LIBRARY REFERENCE 5. Name Resolution And Registration
651 _a(E-Book)
999 _c191153
_d191153